Provinces, Territories and States with Cardinal Directions in The Name - Statistics

General Stats
  • This quiz has been taken 86 times
    24 since last reset
  • The average score is 16 of 34
Answer Stats
Country Region % Correct
North USA North Dakota
100%
South USA South Dakota
100%
West USA West Virginia
100%
North USA North Carolina
95%
South USA South Carolina
95%
North | West Canada Northwest Territories
86%
West Australia Western Australia
86%
South Australia New South Wales
82%
South Australia South Australia
82%
North Australia Northern Territory
77%
North UK Northern Ireland
50%
North | West Germany North Rhine-Westphalia
50%
South Mexico Baja California Sur
41%
West India West Bengal
41%
South Brazil Mato Grosso do Sul
32%
East France Grand Est
27%
East China Guangdong
27%
North China Hebei
27%
South China Henan
27%
North China Hubei
27%
South China Hunan
27%
North Brazil Rio Grande do Norte
27%
South Brazil Rio Grande do Sul
27%
West China Shaanxi
27%
East China Shandong
27%
West China Shanxi
27%
South Italy Trentino-South Tyrol
27%
North China Beijing
23%
West China Guangxi
23%
South China Hainan
18%
North India Uttar Pradesh
18%
West China Jiangxi
14%
North India Uttarākhand
14%
South China Yunnan
9%
No matching quizzes found
Score Distribution
Percent of People with Each Score
Percentile by Number Answered
Your Score History
You have not taken this quiz since the last reset